LEADER 01478nam a2200301 a 4500 001 000000156983 003 CaOOAMICUS 005 20161201140830.0 008 161201s1957 it u000 u lat r 032 $aLibriCat 040 $aPUL$bita 100 1 $aStellini, Angelo,$cO.F.M.$0(OLS)http://pul/name/100126 245 10$aSamuel :$bpropheta (1 Sam,3,2O) et iudex (1 Sam 7,16) in Israel /$cP. Angelus Stellini, O.F.M. 260 $aRoma :$bPontificio Ateneo Antoniano,$c1957. 300 $aX, 125 p. ;$c24 cm. 502 $aTesi -- Pontificium Athenaeum Antonianum. Facultas Theologica. Sectio Biblica. 1957. 504 $aBibliografia in nota. 600 04$aSamuel,$cprofeta.$0(OLS)http://pul/subject/10613 710 2 $aPontificio Ateneo Antoniano.$bFacoltą di Teologia.$kTesi.$0(OLS)http://pul/name/99830 850 $aPUL 852 $aPUL$W1$xDP1 Tesi Pon. At. Antonianum$y30$mTH ANT TH113$j180267$qTesi$B183393$CPULBib$Z2$F183393 $H19397 $82 910 $aPontificium Athenaeum Antonianum.$bFacultas Theologiae.$kTesi$999830 910 $aPontificia Universitą Antonianum.$bFacoltą di teologia.$kTesi$999830 910 $aPontificia Universitą Antonianum.$bFacoltą di teologia.$kTesi$999830 941 1 $a16 996 $6245$aSamuel :$bpropheta (1 Sam,3,2O) et iudex (1 Sam 7,16) in Israel$9(OLS)http://pul/title/196580 996 $6260$aRoma :$bPontificio Ateneo Antoniano$9(OLS)http://pul/publisher/85667 LEADER 01596nam a2200373 i 4500 001 000000177945 003 CaOOAMICUS 005 20250723110001.0 007 tu 008 250723s2014 xxu 000 u eng r 020 $a978-1-118-30430-3* 040 $aPUL$bita$erda 082 0 $a303.6 100 1 $aMoore, Christopher W.,$d1947-,$eautore.$0(OLS)http://pul/name/114485 245 14$aThe mediation process :$b practical strategies for resolving conflict /$cChristopher W. Moore. 250 $a4th Edition 264 1$aSan Francisco :$bJossey-Bass,$c[2014]$aSan Francisco :$bA Wiley Brand 264 4$c©2014. 300 $axvi, 686 pagine ;$c23 cm 336 $atesto$btxt$2rdacontent 337 $asenza mediazione$bn$2rdamedia 338 $avolume$bnc$2rdacarrier 504 $aBibliografia : pagine 611-654. 650 4$aConflitti e risoluzione.$0(OLS)http://pul/subject/38732 850 $aPUL 852 $aPUL$W1$xSL Diritto e Scienze Sociali 3$y79$m303. 6 MOOCH 1$j201886$qDDC 21$B206932$CPULBib$Z2$F206932 $H138036 $82 941 1 $a9 996 $6020$a978-1-118-30430-3*$9(OLS)http://pul/number/170521 996 $6082$a303.6$9(OLS)http://pul/classification/1936 996 $6245$aThe mediation process :$b practical strategies for resolving conflict$9(OLS)http://pul/title/219509 996 $6264$a[S.l.] :$b[s.n.]$9(OLS)http://pul/publisher/0 996 $6264$aSan Francisco :$bJossey-Bass$9(OLS)http://pul/publisher/87675 996 $6264$aSan Francisco :$bA Wiley Brand$9(OLS)http://pul/publisher/87676